Sports Quiz

Random Sports or Cricket Quiz

2012 Leading Test Match Wicket takers Quiz Stats

 Plays Quiz not verified by Sporcle

Challenge
Share
Tweet
Embed
Score 0/25 Timer 08:00
0 Plays Today
Country Player % Correct
EngGraeme Swann
97.6%
EngJames Anderson
97.6%
EngStuart Broad
96.4%
SADale Steyn
96.4%
SAMorne Morkel
85.8%
AusPeter Siddle
84.6%
EngMonty Panesar
79.3%
SAVernon Philander
78.7%
EngSteven Finn
74.6%
PakSaeed Ajmal
71.6%
SriRangana Herath
71%
IndR Ashwin
68.6%
AusNathan Lyon
65.1%
Country Player % Correct
NZTim Southee
63.3%
NZ Trent Boult
59.8%
AusMitchell Starc
59.8%
WIKemar Roach
56.2%
AusBen Hilfenhaus
55.6%
NZChris Martin
47.3%
WITino Best
46.2%
WI Darren Sammy
44.4%
IndPragyan Ojha
42%
NZDoug Bracewell
29%
PakAbdur Rehman
28.4%
SLSuraj Randiv
11.2%

You're not logged in!

Compare scores with friends on all Sporcle quizzes.
OR
Log In

You Might Also Like...

Show Comments

Extras

Top Quizzes Today


Score Distribution

Your Account Isn't Verified!

In order to create a playlist on Sporcle, you need to verify the email address you used during registration. Go to your Sporcle Settings to finish the process.

Report this User

Report this user for behavior that violates our Community Guidelines.

Details: